Spectroscopic properties of inorganic and organometallic compounds. a review of the literature published during 1973. Volume 7 :

Spectroscopic Properties of Inorganic and Organometallic Compounds provides a unique source of information on an important area of chemistry. Divided into sections mainly according to the particular spectroscopic technique used, coverage in each volume includes: NMR (with reference to stereochemistr...

Full description

Bibliographic Details
Format: eBook
Language:English
Published: London : Chemical Society, 1974.
Series:Specialist periodical report.
Subjects:
Online Access:Connect to the full text of this electronic book

MARC

Tag First Indicator Second Indicator Subfields
LEADER 00000cam a2200000Ia 4500
001 in00004356821
005 20210728140435.0
006 m o d
007 cr cn|||||||||
008 080626s1974 enk oo 000 0 eng d
015 |a GBB8B4496  |2 bnb 
016 7 |a 018587583  |2 Uk 
020 |a 1847554911  |q (electronic bk.) 
020 |a 9781847554918  |q (electronic bk.) 
024 7 |a 10.1039/9781847554918  |2 doi 
035 |a (OCoLC)232636728 
035 |a (OCoLC)ocn232636728 
035 |a 6432083 
037 |a 10.1039/9781847554918  |b Royal Society of Chemistry  |n http://www.rsc.org/spr 
040 |a UKRSC  |b eng  |e pn  |c UKRSC  |d UKRSC  |d TEF  |d SINTU  |d OL$  |d OCLCO  |d OCLCQ  |d E7B  |d N15  |d N$T  |d OCLCF  |d OCLCQ  |d VTS  |d NLE  |d UKMGB  |d STF  |d LEAUB  |d M8D  |d UKAHL  |d OCLCQ  |d K6U  |d UtOrBLW 
049 |a TXAM 
050 4 |a QD95  |b .S64 1974eb 
060 4 |a QD 79 S7 S741 v.7 1974 
072 7 |a SCI  |x 013040  |2 bisacsh 
082 0 4 |a 547.5  |2 22 
245 0 0 |a Spectroscopic properties of inorganic and organometallic compounds.  |n Volume 7 :  |b a review of the literature published during 1973. 
264 1 |a London :  |b Chemical Society,  |c 1974. 
300 |a 1 online resource (699 pages) 
336 |a text  |b txt  |2 rdacontent 
337 |a computer  |b c  |2 rdamedia 
338 |a online resource  |b cr  |2 rdacarrier 
490 1 |a Specialist periodical report 
500 |a Electronic resource. 
520 |a Spectroscopic Properties of Inorganic and Organometallic Compounds provides a unique source of information on an important area of chemistry. Divided into sections mainly according to the particular spectroscopic technique used, coverage in each volume includes: NMR (with reference to stereochemistry, dynamic systems, paramagnetic complexes, solid state NMR and Groups 13-18); nuclear quadrupole resonance spectroscopy; vibrational spectroscopy of main group and transition element compounds and coordinated ligands; and electron diffraction. Reflecting the growing volume of published work in this field, researchers will find this Specialist Periodical Report an invaluable source of information on current methods and applications. Specialist Periodical Reports provide systematic and detailed review coverage in major areas of chemical research. Compiled by teams of leading experts in their specialist fields, this series is designed to help the chemistry community keep current with the latest developments in their field. Each volume in the series is published either annually or biennially and is a superb reference point for researchers. www.rsc.org/spr. 
650 0 |a Organometallic compounds  |x Spectra.  |0 http://id.loc.gov/authorities/subjects/sh85095562 
650 7 |a Inorganic chemistry.  |2 bicssc 
650 7 |a Organometallic compounds  |x Spectra.  |2 fast  |0 (OCoLC)fst01047980 
650 7 |a SCIENCE  |x Chemistry  |x Organic.  |2 bisacsh 
655 7 |a Electronic books.  |2 local 
776 0 8 |i Print version:  |w (OCoLC)39607312 
830 0 |a Specialist periodical report.  |0 http://id.loc.gov/authorities/names/n83707073 
856 4 0 |u http://proxy.library.tamu.edu/login?url=https://dx.doi.org/10.1039/9781847554918  |z Connect to the full text of this electronic book  |t 0 
955 |a RSC eBooks 
994 |a 92  |b TXA 
999 f f |s 135d89a1-ec97-3afb-8425-2dfcc04a6bd7  |i c14cc059-ac79-32de-92fb-5fcfc5ae136e  |t 0 
952 f f |a Texas A&M University  |b College Station  |c Electronic Resources  |d Available Online  |t 0  |e QD95 .S64 1974eb  |h Library of Congress classification 
998 f f |a QD95 .S64 1974eb  |t 0  |l Available Online